WWE Finishers 2016 - Statistics

General Stats
  • This quiz has been taken 604 times
    531 since last reset
  • The average score is 29 of 111
Answer Stats
Name Answer % Correct
Roman Reigns Spear
98%
Brock Lesnar F5
92%
Dean Ambrose Dirty Deeds
91%
Seth Rollins | Triple H Pedigree
90%
Kane/Undertaker Chokeslam
82%
Shane McMahon Coast to Coast
69%
Undertaker (Submission) Hell's Gate
69%
Chris Jericho (Submission) Walls of Jericho
66%
Chris Jericho Codebreaker
65%
Randy Orton RKO
65%
Tombstone Piledriver
64%
Kevin Owens Pop Up Powerbomb
61%
John Cena Attitude Adjustment
57%
Big Show WMD
57%
Rhyno Gore
53%
John Cena (Submission) STF
53%
Dolph Ziggler Zig Zag
53%
Sami Zayn Helluva Kick
52%
Brock Lesnar (Submission) Kimura Lock
50%
Bray Wyatt Sister Abigail
47%
AJ Styles Styles Clash
47%
Baron Corbin End of Days
46%
The Miz Skull Crushing Finale
46%
Stone Cold Stunner
44%
Shinsuke Nakamura Kinshasa
43%
The Rock Rock Bottom
42%
Kofi Kingston Trouble in Paradise
42%
Big E Big Ending
40%
Kalisto Salida del Sol
40%
Sheamus Brogue Kick
39%
Finn Bálor Coup De Grâce
39%
The Dudley Boyz 3D
38%
Mark Henry World's Strongest Slam
38%
Shawn Michaels Sweet Chin Music
36%
Neville Red Arrow
35%
AJ Styles (Submission) Calf Crusher
32%
Samoa Joe Muscle Buster
29%
The Revival Shatter Machine
29%
Jack Swagger (Submission) Patriot Lock
27%
Bo Dallas BoDog
25%
Samoa Joe (Submission) Coquina Clutch
25%
Diamond Dallas Page Diamond Cutter
24%
Zack Ryder Rough Ryder
24%
Sasha Banks (Submission) Bank Statement
23%
Bayley Bayley to Belly
23%
Hideo Itami GTS
23%
Gallows & Anderson Magic Killer
23%
Natalya Sharpshooter
23%
Becky Lynch (Submission) Disarmher
22%
Wade Barrett Bullhammer
20%
Goldust Final Cut
20%
The New Day Midnight Hour
19%
Titus O'Neil Clash of The Titus
17%
Alberto Del Rio (Submission) Cross Arm Breaker
17%
Asuka (Submission) Asuka Lock
16%
Tyler Breeze Beauty Shot
16%
Luke Harper Discus Clothesline
15%
Sami Zayn (Submission) Koji Clutch
15%
Adam Rose Party Foul
14%
Jack Swagger Swagger Bomb
14%
Alexa Bliss Twisted Bliss
14%
Johnny Gargano (Submission) Gargano Escape
13%
American Alpha Grand Amplitude
13%
Naomi Rear View
13%
Tye Dillinger Tyebreaker
13%
Mick Foley Mandible Claw
12%
Heath Slater Smash Hit
12%
Nia Jax Leg Drop
11%
Sin Cara Senton Bomb
11%
Apollo Crews Spin Out Powerbomb
11%
The Usos Superfly Splash
11%
Rusev (Submission) The Accolade
11%
Charlotte (Submission) Figure Eight Leg Lock
10%
Stardust Queen's Crossbow
10%
Sheamus (Submission) Cloverleaf
9%
The Vaudevillains Whirling Dervish
9%
Curtis Axel Axehole
8%
Carmella (Submission) Code of Silence
8%
Darren Young (Submission) Crossface Chicken Wing
8%
Xavier Woods Shining Wizard
8%
Tommaso Ciampa Project Ciampa
7%
Paige RamPaige
7%
The Ascension Fall of Man
6%
No Way Jose Fastball Punch
5%
Nikki Bella Rack Attack 2.0
5%
Enzo & Cass Rocket Launcher
5%
The Authors of Pain The Last Chapter
5%
Damien Sandow You're Welcome
5%
Fandango The Last Dance
4%
Brie Bella Yes Lock
4%
R-Truth What's Up
3%
Eric Young Youngblood
3%
Mojo Rawley Hyper Drive
2%
Roderick Strong Sick Kick
2%
The Golden Truth Solid Gold
2%
Erick Rowan Spinning Heel Kick
2%
Austin Aries (Submission) The Last Chancery
2%
Braun Strowman Yokosuka Cutter
2%
SAnitY Devastation
1%
Bobby Roode Glorious Drop
1%
Cesaro Gotch Neutralizer
1%
The Hype Bros Hype Rider
1%
Ember Moon O-Face
1%
The Shining Stars Shining Star
1%
TM61 Thunder Valley
1%
Austin Aries Discus Elbow Smash
0%
Alicia Fox Foxy Drop
0%
Braun Strowman (Submission) Lifting Arm Triangle Choke
0%
Summer Rae Summer Session
0%
Alberto Del Rio Tree of Woe Double Stomp
0%
No matching quizzes found
Score Distribution
Percent of People with Each Score
Percentile by Number Answered
Your Score History
You have not taken this quiz since the last reset